000 00542nam a2200181Ia 4500
001 17330
005 20260306171509.0
008 260306s9999||||xx |||||||||||||| ||und||
041 _aESP
082 _a657.7
_bA11
100 _aAbanto Bromley, Martha,
_eAUT
245 0 _aPasivos no corrientes y patrimonio. Dinámica contable y casuística aplicada :
_bPasivos corrientes. Dinámica contable y casuística aplicada
260 _c2023
300 _a56 páginas :
_c24 cm.
650 _aGEN
654 _aCCO
942 _cLIB
_dJUS
_fJUS
_2ddc
_n
999 _c17330
_d17330